Logo BPK

Biblioteka

Politechniki Koszalińskiej

Zagadnienia nośności losowej prętów metalowych / (Rekord nr 33151)

Szczegóły MARC
000 -ETYKIETA REKORDU
podpole kontrolne o stałej długości 01178nam a2200313 i 4500
001 - NUMER KONTROLNY REKORDU
pole kontrolne bg
003 - IDENTYFIKATOR NUMERU KONTROLNEGO REKORDU
podpole kontrolne BPK
005 - DATA OSTATNIEJ MODYFIKACJI REKORDU
podpole kontrolne 20200515141030.0
008 - POLE O STAŁEJ DŁUGOŚCI - DANE KONTROLNE
podpole kontrolne o stałej długości 001202s pl f |000 0 pol
040 ## - ŹRÓDŁO KATALOGOWANIA
Instytucja, która utworzyła rekord BPK
041 0# - KOD JĘZYKA
Kod języka tekstu pol
Kod języka streszczenia lub abstraktu ger
-- eng
080 ## - UNIWERSALNA KLASYFIKACJA DZIESIĘTNA - UKD
UKD 624.07
080 ## - UNIWERSALNA KLASYFIKACJA DZIESIĘTNA - UKD
UKD 624.04
080 ## - UNIWERSALNA KLASYFIKACJA DZIESIĘTNA - UKD
UKD 539.3/.6
100 1# - NAZWA OSOBOWA
Nazwa osobowa Gwóźdź, Marian
Dopowiedzenie (budownictwo)
Określenie rodzaju współpracy Autor
245 10 - TYTUŁ/ODPOWIEDZIALNOŚĆ
Tytuł Zagadnienia nośności losowej prętów metalowych /
Pozostałe elementy strefy tytułu i oznaczenia odpowiedzialności Marian Gwóźdź.
260 ## - STREFA ADRESU WYDAWNICZEGO
Miejsce wydania Kraków :
Nazwa wydawcy/dystrybutora Wydawnictwa PK,
Data publikacji, dystrybucji/powstania dokumentu 1997.
300 ## - STREFA OPISU FIZYCZNEGO
Objętość 107 s. :
Inne cechy fizyczne rys., wykr. ;
Rozmiary 24 cm.
490 1# - STREFA SERII I DOKUMENTU WIELOCZĘŚCIOWEGO - FORMA NIE DO WYSZUKIWANIA
Tytuł i oznaczenie odpowiedzialności serii Zeszyt Naukowy / Politechnika Krakowska. Inżynieria Lądowa,
ISSN 0867-1788 ;
Numeracja w obrębie serii z. 69
500 ## - UWAGI OGÓLNE
Tekst uwagi W serii gł. nr 4.
504 ## - UWAGA DOTYCZĄCA BIBLIOGRAFII
Informacje o bibliografii Bibliogr. s. 98-103.
546 ## - UWAGA O JĘZYKU
Uwaga o języku Streszcz. pol., ang., niem.
650 #4 - HASŁO PRZEDMIOTOWE W FORMIE NAZWY OGÓLNEJ LUB JEDNOSTKOWEJ
Nazwa ogólna lub geograficzna Pręty
Określnik ogólny konstrukcje
-- mechanika.
650 #4 - HASŁO PRZEDMIOTOWE W FORMIE NAZWY OGÓLNEJ LUB JEDNOSTKOWEJ
Nazwa ogólna lub geograficzna Stateczność
Określnik ogólny badanie.
710 0# - HASŁO DODATKOWE - NAZWA CIAŁA ZBIOROWEGO
Nazwa ciała zbiorowego lub jednostki geograficznej Politechnika Krakowska im. Tadeusza Kościuszki
Kod określenia powiązania pbl.
830 #0 - HASŁO DODATKOWE SERII LUB DOKUMENTU WIELOCZĘŚCIOWEGO - TYTUŁ UJEDNOLICONY
Tytuł ujednolicony Zeszyt Naukowy - Politechnika Krakowska.
Nazwa części/sekcji dzieła Inżynieria Lądowa ;
Oznaczenie tomu z. 69
856 ## - LOKALIZACJA I DOSTĘP DO ELEKTRONICZNYCH DOKUMENTÓW ZDALNYCH
Link (URL) http://koha.tu.koszalin.pl/cgi-bin/koha/opac-detail.pl?biblionumber=33151
Tekst linku Katalog online BPK
942 ## - DODATKOWE ELEMENTY (KOHA)
Typ dokumentu Książka
Schemat klasyfikacji Uniwersalna Klasyfikacja Dziesiętna
Egzemplarze
Wycofany Status egzemplarza Uszkodzony Dostępność Lokalizacja stała Lokalizacja bieżąca Miejsce przechowywania Sygnatura Kod kreskowy Typ dokumentu
      Dostępny Biblioteka Politechniki Koszalińskiej Biblioteka Politechniki Koszalińskiej Wypożyczalnia BG 42986 01329872 Książka
© 2023 Biblioteka Politechniki Koszalińskiej :: KOHA